000 00303nam a22001337a 4500
008 170621b xxu||||| |||| 00| 0 eng d
020 _a9780130404473
041 _aeng
080 _24TH
_a32
100 _a20
101 _aSHP
245 _aTHE POLITICAL SCIENCE STUDENT
_cSCOTT,G.M
942 _2udc
_cBK
999 _c18475
_d18475